000
00284nam a2200121Ia 4500
008
190216s9999||||xx |||||||||||||| ||und||
100
_a
Muktak
245
0
_a
Hindi-Chetoo Ki Athmakatha
260
_b
Global Exchange Publishers
_c
2008
300
_a
152
650
_a
Hindi
942
_c
BK
999
_c
16540
_d
16540